<?xml version="1.0" encoding="UTF-8"?>
<record
    xmlns:xsi="http://www.w3.org/2001/XMLSchema-instance"
    xsi:schemaLocation="http://www.loc.gov/MARC21/slim http://www.loc.gov/standards/marcxml/schema/MARC21slim.xsd"
    xmlns="http://www.loc.gov/MARC21/slim">

  <leader>03093cam a22003255a 4500</leader>
  <datafield tag="999" ind1=" " ind2=" ">
    <subfield code="c">27444</subfield>
    <subfield code="d">27415</subfield>
  </datafield>
  <controlfield tag="001">19455123</controlfield>
  <controlfield tag="005">20190509115635.0</controlfield>
  <controlfield tag="008">170118t2014    caua   fr     001 0 eng d</controlfield>
  <datafield tag="010" ind1=" " ind2=" ">
    <subfield code="a">  2016498294</subfield>
  </datafield>
  <datafield tag="020" ind1=" " ind2=" ">
    <subfield code="a">1484200209</subfield>
  </datafield>
  <datafield tag="020" ind1=" " ind2=" ">
    <subfield code="a">9781484200209</subfield>
  </datafield>
  <datafield tag="035" ind1=" " ind2=" ">
    <subfield code="a">(OCoLC)ocn890435889</subfield>
  </datafield>
  <datafield tag="040" ind1=" " ind2=" ">
    <subfield code="a">YDXCP</subfield>
    <subfield code="b">eng</subfield>
    <subfield code="c">YDXCP</subfield>
    <subfield code="d">OCLCQ</subfield>
    <subfield code="d">NUI</subfield>
    <subfield code="d">OCLCO</subfield>
    <subfield code="d">OCLCQ</subfield>
    <subfield code="d">Z35</subfield>
    <subfield code="d">OCLCF</subfield>
    <subfield code="d">JOY</subfield>
    <subfield code="d">DLC</subfield>
    <subfield code="d">EG-ScBUE</subfield>
  </datafield>
  <datafield tag="082" ind1="0" ind2="4">
    <subfield code="a">005.437</subfield>
    <subfield code="b">JAC</subfield>
    <subfield code="2">22</subfield>
  </datafield>
  <datafield tag="100" ind1="1" ind2=" ">
    <subfield code="a">Jackson, Wallace.</subfield>
  </datafield>
  <datafield tag="245" ind1="1" ind2="0">
    <subfield code="a">Android apps for absolute beginners /</subfield>
    <subfield code="c">Wallace Jackson.</subfield>
  </datafield>
  <datafield tag="250" ind1=" " ind2=" ">
    <subfield code="a">3rd ed.</subfield>
  </datafield>
  <datafield tag="260" ind1=" " ind2=" ">
    <subfield code="a">Berkeley, CA :</subfield>
    <subfield code="b"> Apress,</subfield>
    <subfield code="c">2014.</subfield>
  </datafield>
  <datafield tag="300" ind1=" " ind2=" ">
    <subfield code="a">xxx, 677 p. :</subfield>
    <subfield code="b">ill. ;</subfield>
    <subfield code="c">24 cm.</subfield>
  </datafield>
  <datafield tag="500" ind1=" " ind2=" ">
    <subfield code="a">"Includes Android L (5.0)"--Cover.</subfield>
  </datafield>
  <datafield tag="500" ind1=" " ind2=" ">
    <subfield code="a">"Get started with building your very own Android apps"--Cover.</subfield>
  </datafield>
  <datafield tag="500" ind1=" " ind2=" ">
    <subfield code="a">Includes index.</subfield>
  </datafield>
  <datafield tag="505" ind1="0" ind2=" ">
    <subfield code="a">Setting up your Android app development -- Configuring your Android app development -- An introduction to the Android application development platform -- Introduction to XML: defining an Android app, its design, and constants -- Introduction to Java: objects, methods, classes, and interfaces -- Android screen design: writing to the display using activity and view -- Making apps interactive: intents, event handling, and menus -- Android UI design: Using advanced ViewGroup layout containers -- Android graphic design: making your UI designs visual -- Android animation: making your UI designs move -- Digital video: streaming video, MediaPlayer, and MediaController classes -- Digital audio: providing aural feedback for UI designs using SoundPool -- Android service class and threads: background processing -- Android content providers: providing data to applications -- Developing for Android wearable devices -- The future of android: the 64-bit Android 5.0 OS -- Audio concepts, terminology, and Codecs.</subfield>
  </datafield>
  <datafield tag="520" ind1=" " ind2=" ">
    <subfield code="a">Anybody can start building multimedia apps for the Android platform, and this book will show you how!  Now updated to include both Android 4.4 and the new Android L, [this book] takes you through the process of getting your first Android apps up and running using plain English and practical examples. If you have a great idea for an Android app, but have never programmed before, then this book is for you.  This book cuts through the fog of jargon and mystery that surrounds Android apps development, and gives you simple, step-by-step instructions to get you started ; teaches Android application development in language anyone can understand, giving you the best possible start in Android development ; provides simple, step-by-step examples that make learning easy, allowing you to pick up the concepts without fuss ; offers clear code descriptions and layout so that you can get your apps running as soon as possible.  This book covers both Android 4.4 (KitKat) and Android L, but is also backwards compatible to cover the previous Android releases since Android 1.5.</subfield>
  </datafield>
  <datafield tag="630" ind1="0" ind2="7">
    <subfield code="a">Android (Electronic resource)</subfield>
    <subfield code="2">BUEsh</subfield>
  </datafield>
  <datafield tag="650" ind1=" " ind2="7">
    <subfield code="a">Application software</subfield>
    <subfield code="x">Development.</subfield>
    <subfield code="2">BUEsh</subfield>
  </datafield>
  <datafield tag="651" ind1=" " ind2=" ">
    <subfield code="2">BUEsh</subfield>
  </datafield>
  <datafield tag="653" ind1=" " ind2=" ">
    <subfield code="b">COMSCI</subfield>
    <subfield code="c">May2019</subfield>
  </datafield>
  <datafield tag="942" ind1=" " ind2=" ">
    <subfield code="2">ddc</subfield>
  </datafield>
  <datafield tag="952" ind1=" " ind2=" ">
    <subfield code="0">0</subfield>
    <subfield code="1">0</subfield>
    <subfield code="2">ddc</subfield>
    <subfield code="4">0</subfield>
    <subfield code="7">0</subfield>
    <subfield code="8">Baccah</subfield>
    <subfield code="a">MAIN</subfield>
    <subfield code="b">MAIN</subfield>
    <subfield code="c">LOW</subfield>
    <subfield code="d">2019-05-09</subfield>
    <subfield code="e">Purchase</subfield>
    <subfield code="g">407.50</subfield>
    <subfield code="h">2000088</subfield>
    <subfield code="l">0</subfield>
    <subfield code="o">005.437 JAC</subfield>
    <subfield code="p">000044649</subfield>
    <subfield code="r">2025-07-15 00:00:00</subfield>
    <subfield code="v">509.38</subfield>
    <subfield code="y">BB</subfield>
  </datafield>
</record>
